[Event "ROM-ch (Women)"]
[Site "Eforie Nord"]
[Date "2024.02.25"]
[Round "2"]
[White "Kiss, Abigel"]
[Black "Sava, Ana Maria"]
[Result "1/2-1/2"]
[WhiteElo "1279"]
[BlackElo "1916"]
[PlyCount "57"]
[EventDate "2024.02.24"]
[EventType "swiss"]
[EventRounds "9"]
[EventCountry "ROU"]
[SourceTitle "CB10_2024"]
[SourceDate "2024.03.06"]
[SourceVersion "1"]
[SourceVersionDate "2024.03.06"]
[SourceQuality "1"]

1. e4 g6 2. d4 Bg7 3. Nc3 e6 4. Be3 Ne7 5. Be2 d5 6. e5 b6 7. f4 Nd7 8. Nf3 c5 9. Qd2 a6 10. Nd1 Bb7 11. Bf2 cxd4 12. Nxd4 Nc5 13. Bf3 Nc6 14. c3 Rc8 15. Rc1 Qc7 16. 0-0 0-0 17. Ne3 b5 18. Ng4 Qe7 19. b4 Nd7 20. Rfd1 Nxd4 21. Bxd4 Rc4 22. Be2 Rc7 23. a3 Rfc8 24. Rc2 f5 25. Nf2 h6 26. Be3 Nf8 27. Nd3 Nh7 28. Rdc1 Rc6 29. h3 1/2-1/2

[Event "Targu Mures op 3rd"]
[Site "Targu Mures"]
[Date "2022.06.07"]
[Round "5"]
[White "Clotan, Marius Lilian"]
[Black "Kiss, Abigel"]
[Result "1-0"]
[WhiteElo "1820"]
[BlackElo "1171"]
[PlyCount "55"]
[EventDate "2022.06.05"]
[EventType "swiss"]
[EventRounds "9"]
[EventCountry "ROU"]
[SourceTitle "EXT 2024"]
[Source "ChessBase"]
[SourceDate "2023.10.10"]
[SourceVersion "1"]
[SourceVersionDate "2023.10.10"]
[SourceQuality "1"]

1. d4 d5 2. c4 e6 3. Nc3 Nf6 4. e3 Nbd7 5. Nf3 Be7 6. cxd5 Nxd5 7. e4 N5b6 8. a3 0-0 9. Bd3 Nf6 10. Bf4 h6 11. Qd2 c5 12. d5 exd5 13. e5 Nh5 14. Bxh6 Re8 15. Bxg7 Nxg7 16. 0-0-0 Bg4 17. h3 Bg5 18. Nxg5 Bxd1 19. Rxd1 Rxe5 20. f4 Re8 21. Qf2 d4 22. Qh4 c4 23. Bg6 fxg6 24. Qh7+ Kf8 25. Qh8+ Ke7 26. Qxg7+ Kd6 27. Nf7+ Kc5 28. Nxd8 1-0

[Event "Targu Mures op 3rd"]
[Site "Targu Mures"]
[Date "2022.06.05"]
[Round "1"]
[White "Kiss, Abigel"]
[Black "Maier, Marius Alin"]
[Result "0-1"]
[WhiteElo "1171"]
[BlackElo "1935"]
[PlyCount "118"]
[EventDate "2022.06.05"]
[EventType "swiss"]
[EventRounds "9"]
[EventCountry "ROU"]
[SourceTitle "EXT 2024"]
[Source "ChessBase"]
[SourceDate "2023.10.10"]
[SourceVersion "1"]
[SourceVersionDate "2023.10.10"]
[SourceQuality "1"]

1. e4 e5 2. Nf3 Nc6 3. Bc4 d6 4. c3 Na5 5. Be2 Nf6 6. d3 g6 7. Nbd2 Bg7 8. Nf1 0-0 9. Ne3 c5 10. 0-0 Nc6 11. h3 d5 12. exd5 Nxd5 13. c4 Nf4 14. Nc2 Bf5 15. Bxf4 exf4 16. Rb1 Re8 17. Re1 Qd6 18. Qd2 Rad8 19. Red1 h6 20. b3 g5 21. Rbc1 Qg6 22. Bf1 Rd7 23. Rb1 Red8 24. Nce1 Nb4 25. a3 Nxd3 26. Bxd3 Bxd3 27. Nxd3 Rxd3 28. Qe2 Qd6 29. Rxd3 Qxd3 30. Qxd3 Rxd3 31. Kf1 Kf8 32. Ke2 Rd6 33. Rd1 Ke7 34. Rxd6 Kxd6 35. Kd3 Kc6 36. Ke4 Kd6 37. Kf5 Bd4 38. Nxd4 cxd4 39. Ke4 Kc5 40. Kd3 a5 41. f3 f5 42. b4+ axb4 43. axb4+ Kxb4 44. Kxd4 b6 45. Kd5 Kc3 46. c5 bxc5 47. Kxc5 Kd3 48. Kd5 Ke3 49. Ke5 Kf2 50. Kxf5 Kxg2 51. Kg4 Kf2 52. h4 gxh4 53. Kxh4 Kxf3 54. Kh5 Kg3 55. Kxh6 f3 56. Kh5 f2 57. Kh6 f1Q 58. Kh5 Qf5+ 59. Kh6 Kg4 0-1